BUBT Library Online Catalog

Criminology and Penology (Record no. 6531)

000 -LEADER
fixed length control field 00603nam a22002177a 4500
003 - CONTROL NUMBER IDENTIFIER
control field BUBTL
008 - FIXED-LENGTH DATA ELEMENTS--GENERAL INFORMATION
fixed length control field 210922b ||||| |||| 00| 0 eng d
020 ## - INTERNATIONAL STANDARD BOOK NUMBER
International Standard Book Number 978-81-908613-0-4
082 ## - DEWEY DECIMAL CLASSIFICATION NUMBER
Classification number 364 / P2127c / 2009
100 ## - MAIN ENTRY--PERSONAL NAME
Personal name Paranjape, N. V.
9 (RLIN) 4201
245 ## - TITLE STATEMENT
Title Criminology and Penology
Statement of responsibility, etc. N. V. Paranjape
250 ## - EDITION STATEMENT
Edition statement 14th
260 ## - PUBLICATION, DISTRIBUTION, ETC. (IMPRINT)
Place of publication, distribution, etc. Allahabad
Name of publisher, distributor, etc. Central Law Publications
Date of publication, distribution, etc. c2009
300 ## - PHYSICAL DESCRIPTION
Extent [xxxii] , 760 p . :
Dimensions 21 cm.
521 ## - TARGET AUDIENCE NOTE
Target audience note Includes Index.
650 #0 - SUBJECT ADDED ENTRY--TOPICAL TERM
9 (RLIN) 26
Topical term or geographic name as entry element Law
700 ## - ADDED ENTRY--PERSONAL NAME
Personal name N. V. Paranjape
856 ## - ELECTRONIC LOCATION AND ACCESS
Password 0
Logon 0
Link text Download
942 ## - ADDED ENTRY ELEMENTS (KOHA)
Source of classification or shelving scheme
Koha item type Books
Holdings
Withdrawn status Lost status Source of classification or shelving scheme Damaged status Not for loan Collection code Permanent location Current location Shelving location Date acquired Source of acquisition Inventory number Total Checkouts Full call number Barcode Date last seen Copy number Price effective from Koha item type
          Non-fiction Bangladesh University of Business and Technology Library Bangladesh University of Business and Technology Library Law Stacks 03/22/2016 Purchase 22008   364 / P2127c / 2009 BUBTL-200322008 09/23/2021 C-1 09/23/2021 Books
          Non-fiction Bangladesh University of Business and Technology Library Bangladesh University of Business and Technology Library Law Stacks 03/22/2016 Purchase 22009   364 / P2127c / 2009 BUBTL-200322009 09/23/2021 C-2 09/23/2021 Books
          Non-fiction Bangladesh University of Business and Technology Library Bangladesh University of Business and Technology Library Law Stacks 03/22/2016 Purchase 22010   364 / P2127c / 2009 BUBTL-200322010 09/23/2021 C-3 09/23/2021 Books

More Information About Library

Library Hours

  • Open: 9.00 am. to 9.00 pm.
  • Only Sunday: 9.00 am. to 6.00 pm.
  • Closed: Holiday

Contact to the University

Bangladesh University of Business and Technology Library

  • Mirpurl-2, 1216.
  • Phone:
  • Fax:
  • E-Mail: admin.library@bubt.edu.bd

Contact to the Library

Contact Person:

Md. Abdul Hakim Shah
Joint Librarian
PABX No:  113
Cell No: 01816332931
E-mail: official: admin.library@bubt.edu.bd
Personal: hakim.shah@bubt.edu.bd


BUBT Library

Copyright © 2021